[Event "Linares 15th"]
[Site "Linares"]
[Date "1998.02.25"]
[Round "4"]
[White "Topalov, Veselin"]
[Black "Svidler, Peter"]
[Result "1/2-1/2"]
[WhiteElo "2740"]
[BlackElo "2690"]
[Annotator "Svidler,P"]
[PlyCount "83"]
[EventDate "1998.02.22"]
[EventType "tourn"]
[EventRounds "12"]
[EventCountry "ESP"]
[EventCategory "21"]
[SourceTitle "CBM 064"]
[Source "ChessBase"]
[SourceDate "1998.06.02"]
[SourceVersion "1"]
[SourceVersionDate "1998.06.02"]
[SourceQuality "1"]

1. d4 {Hecht Ftacnik Hansen,Cu} Nf6 2. c4 g6 3. Nc3 d5 4. cxd5 Nxd5 5. e4 Nxc3
6. bxc3 Bg7 7. Bb5+ c6 8. Ba4 O-O 9. Ne2 c5 10. O-O Nc6 11. Be3 Na5 (11... Qc7
{Ftacnik} 12. Rc1 Rd8 13. Qc2 a6 14. Bxc6 bxc6 15. dxc5 Be6 16. Qa4 Rdb8 17.
Rb1 Rb5 18. Nd4 Bxd4 19. cxd4 Rab8 {Bern,I-Swidler,P/Gausdal Arnold Cup (8)/
1991/0.5 (33)}) 12. Rb1 (12. dxc5 Nc4 $1 (12... Qc7 {Ftacnik} 13. Nf4 Nc4 (
13... e6 14. Nd3 b6 15. Bb5 Bb7 16. f3 Rfe8 17. Qc2 Bc6 18. Bxc6 Qxc6 19. Rfd1
bxc5 20. Nxc5 Nc4 21. Bf2 Reb8 22. Rab1 Rb6 {1/2-1/2 Shariyazdanov,A-Dvoirys,S/
RUS Cup Moscow/1998/ (34)}) 14. Nd5 Nxe3 15. Nxc7 Nxd1 16. Rfxd1 Rb8 17. Rab1
Be5 18. Nd5 e6 19. Ne7+ Kg7 20. c6 b6 21. c4 Kf6 22. Nxc8 Rfxc8 23. f4 Bxf4 24.
Rf1 {1-0 Aleksandrov,A-Yandemirov,V/RUS-Cup8/1997/}) 13. Qxd8 Rxd8 14. Bg5 Bd7
15. Bb3 Na5 16. Bxe7 Re8 17. Bd6 Rxe4 18. Nd4 Nxb3 19. axb3 Bxd4 {1/2-1/2
Topalov,V-Kasparov,G/Linares 1998/}) 12... Nc4 (12... b6 13. dxc5 Ba6 14. Bb5
$1 (14. cxb6 {Topalov} Qxd1 15. Bxd1 axb6 $44 16. Bxb6 Nc4 {/\17... Rfb8; 17...
Nd2}) 14... Bxb5 15. Rxb5 Nc4 (15... Qe8 16. Qa4 a6 17. Rb4 $16) 16. Qxd8 (16.
Bg5 $1 f6 (16... h6 17. Rb4 $1 $16) (16... Qxd1 17. Rxd1 Rfd8 18. Rxd8+ Rxd8
19. f3 $16) (16... Qc7 17. Qb3 Na5 18. Qa3 $14) 17. Rb4 (17. Qb3 Qd3 18. Nd4 $1
fxg5 19. Rd1 Qxe4 20. Qxc4+ $14) 17... Qxd1 18. Rxd1 Rfd8 19. Rxd8+ Rxd8 20. g3
(20. f3 Ne5 $1 21. Rd4 $8 Rxd4 22. cxd4 fxg5 23. dxe5 bxc5 24. e6 Be5 $15)
20... fxg5 21. Rxc4 bxc5 (21... Rd2 22. c6 $18) 22. a4 $14) 16... Rfxd8 17. Bg5
f6 $1 (17... Kf8 18. Rb4 Nd2 19. Re1 bxc5 20. Ra4 $14 {פd2}) 18. Bc1 (18. Rb4
Nd2 19. Bxd2 Rxd2 $15) 18... Rdc8 $13) (12... cxd4 13. cxd4 b6 14. d5 e6 (14...
Ba6 15. Re1 e6 16. dxe6 fxe6 17. Nf4 $16) 15. Bd2 $1 Ba6 (15... exd5 16. Bxa5
bxa5 17. Bc6) 16. Bb4 $16 {Dautov-Labunsky (UdSSR 1989)}) (12... e5 {Ftacnik}
13. dxe5 $16) (12... Bd7 {Ftacnik} 13. Bxd7 Qxd7 14. dxc5 $14) 13. Bg5 h6 $6 (
13... Qc7 $5 14. Qd3 Na3 (14... Nb6 {Ftacnik} 15. Bc2) 15. Rb2 Qa5 16. Bd1 cxd4
(16... c4 {Ftacnik} 17. Qe3 Re8 18. Bh6 $40) 17. Bxe7 Re8 (17... dxc3 {Ftacnik}
18. Rb3 c2 19. Rxa3 cxd1=Q 20. Rxd1 Qe5 21. Bxf8 Bxf8 22. Rb3 $16) 18. Bb4 Qb5
19. Bc2 (19. Qxb5 {Ftacnik} Nxb5 20. Ba4 dxc3 21. Bxb5 cxb2 22. Bxe8 Be6 23.
Bb5 Bxa2 $132) 19... dxc3 20. Rb3 Qxd3 21. Bxd3 Rd8 22. Nf4 Rxd3 23. Nxd3 Nb5
$13 (23... Nb5 {Ftacnik} 24. Bc5 b6 $132)) (13... a6 {Ftacnik} 14. Bb3 $14) 14.
Bh4 b6 $2 {Hansen,Cu: Around here things start to go seriously wrong for black}
15. Bc6 Rb8 16. Bd5 $1 (16. Bg3 e5 (16... Bb7 {Ftacnik} 17. Bxb8 Bxc6 18. Bxa7
Bxe4 (18... Qc7 19. Qd3 $1) 19. dxc5 Bxb1 (19... Qa8 $5 20. cxb6 Bxg2 21. Qd3
Ne5 22. Qg3 Bxf1 23. Kxf1 $13) 20. Qxd8 Rxd8 21. Rxb1 bxc5 22. Bxc5 $14) 17.
Bd5 Be6 18. Bxe6 fxe6 $13) (16. Qa4 Na5 $13) 16... Ba6 $8 17. Qd3 b5 $8 18. a4
{Hansen,Cu: Black has build his position on his N-position on c4, but this
stronghold cannot be kept after whites textmove White pieces are firing into
the opponent with a suprising ferrocity, only rook on f1 is still waiting for
its turn.} (18. dxc5 $16) 18... cxd4 $8 (18... Na3 19. Ra1 Qa5 20. axb5 Qxb5
21. c4 Nxc4 22. Rxa6 Qxa6 23. Bxc4 $18) 19. Nxd4 (19. axb5 Ne5 $13 (19... Ne5 {
Ftacnik} 20. Qd2 Bxb5 21. cxd4 Nc4 $14)) 19... Bxd4 {Hansen,Cu: A sign of
serious crisis. Normally black would not want to change this bishop for any
other piece that whites dark-squared B unless he gets something serious in
return. Here the Bg7 is exchanged to avoid imidiate material loss.} 20. cxd4 $6
(20. Qxd4 e5 (20... Na3 21. Rbc1 (21. Qxa7 Nxb1 22. Bxe7 Qb6 23. Qxb6 Rxb6 24.
Rxb1 $18) 21... bxa4 22. Rfd1 $18) (20... Qc7 {Ftacnik} 21. Bxc4 Qxc4 (21...
bxc4 22. Bg3 $18) 22. Qxc4 bxc4 23. Bxe7 Rfe8 24. Rxb8 Rxb8 25. Bf6 $16) 21.
Qxa7 (21. Bxf7+ $5 Rxf7 22. Qxd8+ Rxd8 23. Bxd8 bxa4 $16) 21... Qxh4 22. Qxa6
Nd2 23. axb5 $1 (23. Qxg6+ Kh8) 23... Nxf1 24. Rxf1 $18) 20... Nd6 $16 21. Rfc1
Rb6 $6 (21... Bb7 $1 22. Bxb7 Rxb7 23. axb5 Qd7 24. f3 (24. Rc5 Qg4) 24... Nxb5
25. d5 $16) 22. a5 (22. Qd2 $5 {Hansen,Cu} Kh7 23. a5 Rb8 24. Bg3 $16) (22.
axb5 {Ftacnik} Bxb5 23. Qa3 (23. Qh3 $5) 23... g5 24. Bg3 e6 25. Bxd6 Qxd6 26.
Qxd6 Rxd6 27. Rxb5 exd5 28. e5 $16) 22... Rb8 {[#] Hecht:  The start of the
transition into a queen+rook versus queen+bishop+knight ending. By tactical
means (pin), the g6 point will be stormed to get at the black king. [#] Hecht:
Beginn des Übergangs in das Endspiel D+T gegen D+L+S Mit taktischen Mitteln 
(Fesselung) soll der Punkt g6 mit Hinwendung zum schwarzen König gestürmt
werden.} 23. Rc6 $1 Bb7 $8 (23... Bc8 24. Rxd6 $1 Qxd6 25. Bg3 $18) 24. e5 $1
Nf5 (24... Bxc6 $4 {Ftacnik} 25. Qxg6+ Kh8 26. Qxh6+ Kg8 27. Rb3 $18 (27. Rb3 {
Hecht} Nf5 28. Qg6+ Kh8 29. Bf6+ exf6 30. Rh3+ {(Hecht)})) 25. Rxg6+ Kh8 {
This position shows a model situation of a great exposure of white pieces.
Black king narrowly survives, but rook g6 and both white bishops are under
fire.} (25... Kh7 $2 {Ftacnik} 26. Rd6 $18) 26. Bxf7 $2 (26. Qxf5 fxg6 27. Qxg6
Qxd5 (27... Bxd5 {Ftacnik} 28. Qxh6+ Kg8 29. Qg6+ $11) 28. Qxh6+ Kg8 29. Qg6+
Kh8 30. Bxe7 Qe4 $1 31. Bf6+ Rxf6 32. Qxf6+ Kh7 33. Qf7+ Kh6 34. Qe6+ Kg7 35.
Qf6+ Kh7 $11) (26. Rg4 $5 Qxd5 27. Qxf5 Rg8 28. f3 $1 (28. Bxe7 $2 Rxg4 29.
Qxg4 Rg8 30. Bf6+ Kh7 31. Qf5+ Rg6 32. f3 Qa2 $1 33. g3 Bxf3 34. Qxf3 Qxb1+ $17
) 28... Rxg4 29. Qxg4 Rg8 30. Qf4 Kh7 31. Rb2 Qxf3 32. Qxf3 Bxf3 33. Bxe7 a6
$16) (26. Bf6+ $1 exf6 27. Bxf7 $1 {[#] Variation Diagram [#] Variantendiagramm
} Rxf7 (27... Qd7 $1 28. e6 Qd5 29. Qh3 Kh7 30. Rxf6 Nh4 $1 {/\Q:d4,Qg5 Idea: .
..Qg5 and ...Qxd4. Ideen: Dg5 und Dd4 Ideen: Dg5 und Dd4} 31. Qd3+ $1 (31. e7
Rxf7 32. Rxf7+ Qxf7 33. Qxh4 Qg6 $1 $19) (31. Rxh6+ Kxh6 32. Qxh4+ Kg7 33. Qg3+
Kf6 34. Qf4+ Kg7 $11) 31... Qe4 32. Qxe4+ Bxe4 33. Re1 $16) 28. Qxf5 Qxd4 (
28... Qf8 29. Qh5 Rh7 30. Rxf6) 29. Rxh6+ Kg8 30. Qh5 $18) 26... Rxf7 (26...
Nxh4 $2 {Ftacnik} 27. Rxh6+ Kg7 28. Rh7# (28. Qh7#)) 27. e6 Rf8 28. Bg3 Kh7 (
28... Nxg3 {Ftacnik} 29. Rxh6+ Kg7 30. Qg6#) 29. Rg4 Rc8 $2 (29... h5 $1 30.
Rg5 (30. Rxb5 $1 Qc8 $1 31. Rc5 $1 {[#] Variation Diagram: [#]
Variantendiagramm} (31. Bxb8 Qc1+ 32. Qf1 Qxf1+ 33. Kxf1 Ba6 34. Rf4 Bxb5+ $17)
(31. Qb1 hxg4 32. Rxf5 Be4 33. Rf7+ Rxf7 34. Qxe4+ Kg7 35. Qxg4+ Kf8 36. Qd1
Rf6 $19) (31. h3 Qc1+ 32. Kh2 Bxg2 $1 33. Kxg2 Rxb5 $19) 31... Qxe6 $6 (31...
Ba6 $5 32. Qe4 (32. Rxc8 Bxd3 33. Rxb8 Rxb8 34. Bxb8 hxg4 35. Bxa7 Kg6 $15)
32... Bb7 (32... hxg4 33. Bxb8 Qxb8 (33... Qb7 34. Qxb7 Bxb7 35. Bxa7 $14) 34.
Rxf5 Rxf5 35. Qxf5+ Kh6 $13) 33. Qd3 $11) 32. Re5 Rbc8 (32... Qc8 $2 33. Rxe7+)
(32... Ba6 $5 33. Qe4 Rbc8 34. h3 Qf7 35. Rg5 e6 $13) 33. h3 $1 (33. Bf4 Qxe5
34. dxe5 hxg4 $17) 33... Qf7 (33... Qxe5 34. Bxe5 hxg4 35. hxg4 $18) 34. Rg5 e6
{for example: zum Beispiel: zum Beispiel:} 35. d5 $5 (35. Qd1 $5 Ng7 36. Rxh5+
Nxh5 37. Rxh5+ Kg8 38. Qg4+ Qg7 39. Rg5 $18) 35... Bxd5 (35... Rcd8 36. Qe2
Rxd5 37. Rxh5+ Kg8 38. Rg5+ $1 Kh8 39. Rxe6 $16) 36. Rgxf5 exf5 37. Rxd5 Rc3
38. Qd4 $44) 30... Qxd4 31. Qxd4 Nxd4 32. Bxb8 Rxb8 33. Rxh5+ (33. Rbxb5 Nxb5
34. Rxb5 Rd8 $19) (33. Rd1 Rd8 $17) 33... Kg6 $15) 30. Be5 {/\Rg7+} Rc5 $8 {
Black goes into extremes in order to survive the attack. [#] [#]} (30... Qd5 {
Ftacnik} 31. f3 $18) 31. Rg7+ (31. Re1 $142 $1 Rd5 (31... Rxe5 32. Rxe5 Qc8 33.
h3 $18) 32. Rg7+ Kh8 33. Rf7+ Rxe5 34. Rxe5 $18) 31... Kh8 32. dxc5 Nxg7 (32...
Qxd3 33. Rg3+ $18 (33. Rg3+ {Hansen,Cu} Kh7 34. Rxd3 $18 (34. Rxd3 {Ftacnik}
Be4 35. Rdb3 Bxb1 36. Rxb1 $18))) 33. Qg6 Rf6 34. Bxf6 exf6 {[#] Hecht: 
Tactical endgame. White has a material- and positional advantage. The only two
easily maneagable weaknesses are his first-rank and the g2 point. For the
highly-interesting developments up to this point and the following aberrations,
we give a 'big' Tactics Medal, which the finesse-rich play of both opponents
deserves. [#] Hecht: Taktisches Endspiel. Weiß hat Material- und
Stellungsübergewicht. Einzige leicht behebbare Schwächen sind die Grundreihe
und der Punkt g2. Für die hochinteressante Abwicklung bis hierher und die
nachfolgenden Irrungen gibt es eine "große" Taktikmedaille, die das
finessenreiche Spiel beider Kontrahenten würdigen soll.} 35. Qxh6+ Kg8 36. Re1
$2 $138 {Hansen,Cu: Giving away whites best P Horrible back rank oversight,
when white had still all the reasons to believe in success.} (36. Qg6 $18 Bc6 (
36... Qe7 {Hansen,Cu} 37. Rxb5 (37. Re1 {Ftacnik} Bd5 (37... Bc8 38. h4) 38. h4
Bxe6 39. h5 Qf7 40. Qxf7+ Bxf7 (40... Kxf7 41. h6 $18) 41. Re7 Bxh5 42. Rxa7
$18) (37. Qf7+ Qxf7 38. exf7+ Kxf7 39. Rxb5 Bc6 40. Rb8 $16) 37... Qxe6 38. h3
{Hansen,Cu: is the game continuation with the very important difference that
black does not have a P on b5. White has R + 3Ps for B+N and should win} (38.
h3 Qc6 39. Rb4 $18)) 37. h4 Qd5 (37... Qd4 38. h5 Be8 39. Qg3 Qe4 40. Rd1 Kh7
41. Rd7 $18) 38. h5 Be8 (38... Qxh5 39. Qxh5 Nxh5 40. Rd1 $18) 39. Qxf6 Qxe6
40. Qxe6+ Nxe6 41. Re1 $18) 36... Nxe6 {Hecht: Back Rank! Grundreihe!} 37. h4 (
37. Rxe6 $4 {Ftacnik} Qd1+ 38. Re1 Qxe1#) (37. Qg6+ {Ftacnik} Ng7 38. h4 Bc6
39. a6 b4 $13) 37... Ng7 38. Qf4 $1 {/\39.Qd6} Qd5 $8 (38... Bc6 39. Qd6 Qxd6
40. cxd6 Nf5 41. Rc1 Be8 42. Rc7 Nxd6 43. Rxa7 b4 44. a6 b3 45. Rb7 $1 $18) 39.
Qg3 $4 $138 (39. Qg4 $1 Qxc5 (39... Kf7 40. Rd1 $18) 40. Qg6 Qf8 41. h5 Qf7 42.
Qxf7+ Kxf7 43. h6 Nf5 44. h7 Kg7 45. g4 $18) 39... Kf7 $11 (39... Qxc5 $2 {
Ftacnik} 40. h5 $1 Kh8 (40... Qxh5 41. Qb8+ $18) 41. h6 Nf5 42. Qg6 $18) 40.
Qc7+ Kg6 41. Qg3+ Kf7 42. Qc7+ 1/2-1/2

[Event "Linares 15th"]
[Site "Linares"]
[Date "1998.03.02"]
[Round "8"]
[White "Kasparov, Garry"]
[Black "Svidler, Peter"]
[Result "1/2-1/2"]
[WhiteElo "2825"]
[BlackElo "2690"]
[Annotator "Hecht,H"]
[PlyCount "128"]
[EventDate "1998.02.22"]
[EventType "tourn"]
[EventRounds "12"]
[EventCountry "ESP"]
[EventCategory "21"]
[SourceTitle "CBM 064"]
[Source "ChessBase"]
[SourceDate "1998.06.02"]
[SourceVersion "1"]
[SourceVersionDate "1998.06.02"]
[SourceQuality "1"]

1. e4 e5 2. Nf3 Nc6 3. Bb5 a6 4. Ba4 Nf6 5. O-O Be7 6. Re1 b5 7. Bb3 O-O 8. h3
Bb7 9. d3 d6 10. c3 Re8 11. Nbd2 h6 12. Nf1 Bf8 13. Ng3 Nb8 14. Nh4 d5 15. exd5
Bxd5 16. Nhf5 Nbd7 17. Bxd5 Nxd5 18. Qg4 Kh8 19. Qf3 N5f6 20. Ne4 Kh7 $6 (20...
Nxe4 21. dxe4 Qf6 {[%cal Yg7g6]}) 21. h4 $6 (21. Rd1 $1 Re6 (21... Nxe4 22.
dxe4 {[%cal Rd1d7]}) 22. a4 $1 $16) 21... Nxe4 22. dxe4 Qf6 23. g4 g6 24. g5
Qe6 25. Nxh6 Bxh6 26. gxh6 Nf6 27. Bg5 $6 (27. a4 $14) 27... Ng4 28. Rad1 f6
29. Bc1 Nxh6 30. Bxh6 Kxh6 31. Rd3 Rad8 32. Red1 Rxd3 33. Rxd3 {[#]} Rg8 34. b3
f5 35. Qg2 $2 (35. Kf1 $142) (35. exf5 $142) 35... fxe4 36. Qxe4 Rf8 37. Rg3
Rf4 38. Qe3 Kh7 39. Rg5 Qd5 $1 $40 40. Rxe5 (40. Qxe5 $2 Rg4+ 41. Kf1 Qh1+ 42.
Ke2 Re4+ $19) 40... Rg4+ 41. Kf1 Qd1+ 42. Qe1 Qd3+ 43. Qe2 Qb1+ 44. Qe1 Qd3+
45. Qe2 Qh3+ 46. Ke1 Qxc3+ 47. Kf1 Qh3+ 48. Ke1 Rg1+ 49. Kd2 Qd7+ 50. Kc2 Qc6+
51. Kd3 Qd6+ 52. Kc2 Qc6+ 53. Kd3 Qd6+ 54. Kc2 Ra1 55. Re7+ Kg8 56. Qe6+ {
The transition into a rook ending as well as the final advance of the White
king into the weakened black queenside saves the draw for Kasparov. Der
Übergang ins Turmendspiel sowie der sich anschließende Vormarsch des weißen
Königs zum geschwächten schwarzen Damenflügel rettet Kasparow das Remis.} Qxe6
57. Rxe6 Rxa2+ 58. Kc3 $1 Kg7 59. Kb4 Kh6 60. f4 Kh5 61. Re5+ Kxh4 62. Rg5 Rf2
63. Rxg6 Rxf4+ 64. Ka5 Rf3 1/2-1/2

[Event "Linares 15th"]
[Site "Linares"]
[Date "1998.03.04"]
[Round "10"]
[White "Ivanchuk, Vassily"]
[Black "Svidler, Peter"]
[Result "1-0"]
[WhiteElo "2740"]
[BlackElo "2690"]
[Annotator "Ftacnik,L"]
[PlyCount "115"]
[EventDate "1998.02.22"]
[EventType "tourn"]
[EventRounds "12"]
[EventCountry "ESP"]
[EventCategory "21"]
[SourceTitle "CBM 064"]
[Source "ChessBase"]
[SourceDate "1998.06.02"]
[SourceVersion "1"]
[SourceVersionDate "1998.06.02"]
[SourceQuality "1"]

1. d4 {Hecht} Nf6 2. c4 g6 3. Nc3 d5 4. cxd5 Nxd5 5. e4 Nxc3 6. bxc3 Bg7 7. Nf3
c5 8. Rb1 O-O 9. Be2 cxd4 10. cxd4 Qa5+ 11. Bd2 Qxa2 12. O-O b6 13. Qc1 Bb7 14.
Bc4 Qa4 15. Bb5 Qa2 16. Bc4 Qa4 17. Bb5 Qa2 18. Re1 (18. Rb2 Qe6 19. Re1 Rc8
20. Rc2 {Brenninkmeijer,J-Van Heste,J/Amsterdam OHRA-B/1988/} Nd7 $1 $10) (18.
Qe1 $6 Qc2 19. d5 Ba6 $17 {Yusupov,A-Kortschnoj,V/Reykjavik WCUP/1988/}) 18...
Rc8 19. Qd1 e6 (19... Qc2 20. Qe2 Qc7 21. Rec1 Qd8 22. Rxc8 Bxc8 23. Bf4 Bd7
24. Rc1 a6 25. Bc4 e6 26. d5 $16 {Agrest,E-Krzywicki,D/Bielsko Biala/1990/}) (
19... Nc6 20. Re2 e6 21. d5 exd5 22. Be1 Qa3 23. exd5 Rd8 24. dxc6 Bxc6 25. Qb3
$18 {Wells,P-Pribyl,J/BL/1988/}) 20. h4 {New concept in a well known position.
White tries to get some play against black's kingside, since his majesty is
quarded only by bishop g7.} (20. Qe2 Nc6 21. Qe3 (21. Bc4 Qa3 22. d5 exd5 23.
exd5 Nd4 24. Nxd4 Bxd4 25. Bb4 Qa4 26. Bb5 Qc2 27. d6 Qf5 {Sandstrom,L-Hjelm,N/
SWE-ch Vaxjo/1992/}) 21... e5 (21... Rd8 22. Ra1 Qb2 23. Reb1 (23. Bxc6 Bxc6
24. Bc3 $13 {Epishin,V-Tseitlin,M/USSR/1988/}) 23... Qc2 24. Rc1 Nxd4 25. Nxd4
Qxe4 26. Nc6 Qxe3 27. Bxe3 Bxc6 28. Bxc6 Bxa1 29. Bxa8 Bb2 30. Rb1 Rxa8 31.
Rxb2 Rd8 {Sakaev,K-Ernst,T/Gausdal Int 1992/1/2-1/2 (131)}) 22. d5 Nd4 23. Nxd4
exd4 24. Qf4 Bf8 25. Ra1 Qc2 26. Bd7 Rc5 27. Bb4 d3 28. Bxc5 Bxc5 29. Rec1 Qb2
{1/2-1/2 Khalifman,A-Epishin,V/Vilnius 1988/ (40)}) (20. Ba4 Nc6 (20... Qc4 21.
Rc1 Qa6 22. Rxc8+ Bxc8 23. Qc2 Bd7 24. Rc1 $1) (20... Na6 21. h4 Qa3 22. h5 Qf8
23. Bf4 Rd8 24. Bg5 Rd6 {Kramnik,V-Bacrot,E/Paris PCA-Intel GP/1995/}) 21. Bb3
(21. d5 exd5 22. Bb3 Qa6 23. exd5 Na5 24. Bxa5 Qxa5 25. Re7 $16) 21... Qa3 22.
d5 exd5 23. Bxd5 (23. exd5 Nd4 24. Nxd4 Bxd4 25. Re4 Qc5 (25... Bf6 26. Bb4 $16
) 26. Be1 {><f2} Bf6 27. Qf3 Kg7 28. Rf4 Qd6 29. Bb4 Qd8 30. Bd2 $1 $16 {
1-0 Chernin,A-Dvoirys,S/Podolsk 1993/ (50)}) 23... Qe7 24. Bg5 Bf6 25. Bxf6 {
1/2-1/2 Alterman,B-Rytshagov,M/Komotini op 1992/}) (20. Re2 Qc2 21. Qe1 Qc7 22.
d5 Na6 23. Rd1 Qc5 24. Bd7 exd5 25. Bxc8 Rxc8 26. exd5 Qxd5 27. Re8+ Rxe8 28.
Qxe8+ Bf8 29. Re1 {1-0 Prusikin,M-Schnitzspan,L/Tavasz 1997/ (35)}) 20... h5 {
xg6} (20... Nc6 21. Bc3 Qa3 $13) (20... a6 $5 21. Bd3 Nd7 22. h5 Qa3 23. Qe2
Qe7 $14) 21. Qe2 Nc6 22. Bc4 Qa4 $2 {I suspect that this retreat is a bit
overcourageous. The queen will not be lost, but saving of her life will be
costly.} (22... Qa3 $1 23. d5 exd5 24. exd5 Nd4 25. Nxd4 Bxd4 26. Bb3 $13) 23.
Ra1 Qc2 (23... Nxd4 24. Rxa4 Nxe2+ 25. Bxe2 $18) 24. Bd3 Qb2 (24... Qb3 25.
Reb1 $18) 25. Ra4 $1 (25. Reb1 $2 Nxd4 26. Nxd4 Qxd4 $19) 25... b5 $8 (25...
Nxd4 26. Nxd4 Bxd4 27. Rb1 $18 (27. Rb4 $18)) (25... Qb3 26. Rea1 Rd8 27. R1a3
Qb2 28. Ra2 Qb3 29. Bc2 $18) 26. Bxb5 (26. Rb1 Qxb1+ 27. Bxb1 bxa4 $17) 26...
Rd8 (26... Nxd4 27. Nxd4 Bxd4 28. Rb4 Qxd2 29. Qxd2 Bc3 30. Qd7 $1 Bxb4 31. Rb1
$18) 27. Bg5 $1 Qxe2 28. Bxe2 {The material balance was restored and white
enjoys central majority and open space for pieces.} (28. Rxe2 $2 Nxd4 29. Bxd8
Nxe2+ 30. Bxe2 Rxd8 31. Rxa7 Bxe4 32. Ng5 Rd2 33. Bf1 Bf5 $17) 28... Rd7 29.
Rb1 Nd8 (29... a5 30. Bb5 Rc8 31. Rba1 $14) (29... f6 30. Be3 a5 31. Bb5 $14) (
29... Ne7 30. Ne5 $1 Bxe5 (30... Bxe4 31. Nxd7 Bxb1 32. Bxe7 $18) 31. dxe5 $16)
30. Bd3 f5 (30... a6 31. Be3 $14) 31. d5 $1 {This fine move attacks black's
kingside pawn structure, that was made vulnerable by the move 20...h5.} fxe4 (
31... exd5 $2 32. exf5 gxf5 33. Bxf5 $18) 32. Bxe4 Bxd5 (32... Kh7 33. dxe6
Bxe4 34. Rxe4 $18) (32... Kf7 $2 33. Bxd8 Raxd8 34. dxe6+ Kxe6 35. Bxb7 $18)
33. Bxg6 Rb7 (33... Bxf3 34. gxf3 Nc6 35. Bxh5 $16) 34. Rxb7 Nxb7 (34... Bxb7
35. Bxh5 Nc6 36. Bg4 $18) 35. Be3 (35. Bxh5 Nc5 36. Ra5 Nb7 37. Ra3 a5 $132)
35... a5 (35... Bxf3 36. gxf3 a5 37. Bxh5 Bf6 38. Bg6 $18) 36. Bxh5 Bc6 (36...
Bb3 37. Ra3 (37. Rg4 Nd6 38. Rg6 a4 39. Nd4 Ra5 40. g4 Re5 41. Nxb3 axb3 42.
Rxg7+ Kxg7 43. Bd4 Nc4 44. f4 b2 45. Bxb2 Nxb2 46. fxe5 Nd3 47. g5 Nxe5 48. Kf2
$16) 37... a4 38. Nd4 Bxd4 39. Bxd4 Rd8 40. Be3 $16) 37. Rg4 Bxf3 $6 (37... Nd6
38. Nd4 Bd5 39. Rg6 a4 40. Nxe6 (40. Bh6 Ra7 41. Nxe6 Bxe6 42. Bxg7 Bf5 43.
Rxd6 Kxg7 44. g4 Bh7) 40... Bxe6 41. Rxe6 a3 (41... Nf5 42. Bf3 $18) 42. Rxd6
a2 43. Rd1 a1=Q 44. Rxa1 Rxa1+ 45. Kh2 $18) (37... Kh8 38. Ng5 Bd5 39. Nf7+ Kh7
40. Bg6+ Kg8 41. h5 $16) 38. Rxg7+ $5 (38. gxf3 Nd6 39. Ra4 $16) 38... Kxg7 39.
Bxf3 Rb8 $2 {Move that was clearly made under the ticking clock. Right now
black had to show some courage and go for counterplay.} (39... a4 $1 40. Bxb7
Ra5 41. Bd4+ (41. Bd2 Rc5 42. Be4 a3 43. Bb1 Kf7 44. Kh2 Rb5 45. Be4 Rb3 46.
Bf4 Rb5 $11) 41... Kf7 42. Kh2 a3 43. Kg3 a2 44. Bf3 a1=Q 45. Bxa1 Rxa1 $16)
40. Bf4 Rd8 (40... Rf8 41. Be5+ Kg6 42. Bxb7 $18) 41. Bxb7 a4 42. Be5+ Kg8 (
42... Kh6 43. Ba6 $1 a3 44. Bc4 Rd1+ 45. Kh2 Re1 46. f4 $18) 43. h5 $6 (43. Be4
$1 a3 (43... Rd1+ 44. Kh2 Re1 45. f3) 44. h5 a2 45. h6 $18) 43... Rd1+ 44. Kh2
Re1 45. f4 Rxe5 (45... a3 46. Bc8 Kf7 47. h6 a2 48. h7 Rxe5 49. fxe5 a1=Q 50.
h8=Q $18) 46. fxe5 a3 47. Bc8 Kf7 48. h6 a2 49. Bxe6+ (49. h7 $2 Kg7 50. Bxe6
a1=Q $19) 49... Kxe6 50. h7 a1=Q 51. h8=Q {[#] Hecht:  The ending is easily
won, because the pawn on e5 can't be taken and the king can't reorient itself
towards the first ranks because of e6+. Also, Black has hardly any checking
possibilities. [#] Hecht:  Das Endspiel ist leicht gewonnen, da der Be5 nicht
zu nehmen ist und der König sich wegen e6+ nicht nach hinten orientieren kann.
Zudem besitzt Schwarz kaum Schachmöglichkeiten.} Kd5 {Hecht: A brief example
follows of Black moving in the direction of the kingside. This cannot claim to
be exhaustive, but in should show that White can continually work with queen
exchange threats even when a pawn is lost thereby. Ein kleines Beispiel folgt,
wenn Schwarz sich zur Königsseite orientiert. Es hat keinen Anspruch auf
Vollständigkeit, sondern soll nur zeigen, daß Weiß bei zwei Mehrbauern ständig
mit der Damentauschdrohung selbst unter Bauernverlust arbeiten kann.} (51...
Qd4 52. Qf6+ Kd5 53. Qd6+ $18) (51... Kf5 {Hecht} 52. Qf6+ Kg4 53. Qf3+ Kg5 54.
Qe3+ Kg6 55. e6 Qh8+ 56. Kg3 Qb8+ 57. Qf4 Qb3+ 58. Kh4 Qxe6 59. Qg4+) 52. Qg8+
Ke4 (52... Kxe5 53. Qg7+ Kf4 54. Qxa1 $18) 53. Qg6+ Kd5 54. Qf7+ Ke4 55. Qg6+
Kd5 56. Qf7+ Ke4 57. e6 Qh8+ (57... Qe5+ 58. g3 $18) 58. Kg3 1-0